| 000 | 008510000a22002290004500 | ||
|---|---|---|---|
| 020 | _a84-344-3904-2 | ||
| 041 | 0 | _aSPA | |
| 082 | 0 | 4 | _aG 180.9 N468h |
| 100 | 1 | _aNestle, Wilhelm (1865-1959) | |
| 245 | 1 | 0 | _aHistoria del espíritu griego : Desde Homero hasta Luciano / Wilhelm Nestle ; Manuel Sacristán, Traductor |
| 250 | _a4 | ||
| 260 | _aBarcelona, España : Ariel | ||
| 300 | _a379 Pag. | ||
| 500 | _aTítulo original : Griechische geistesgeschichte (Von Homer bis Lukian) | ||
| 505 | 0 | 0 | _aDesde homero hasta fines del siglo V -- el siglo IV -- el helenismo -- la era imperial romana (hasta el 200 d .J.C ) |
| 650 | 1 | 4 | _aFILOSOFIA ANTIGUA \ GRECIA - RELIGION \ GRECIA - VIDA INTELECTUAL |
| 001 | 1388 | ||
| 942 | _cBK | ||
| 999 |
_c32711 _d32711 |
||
| 336 |
_atexto _btxt _2rdacontent |
||
| 337 |
_2rdamedia _asin mediación _bn |
||
| 338 |
_2rdacarrier _avolumen _bnc |
||